| 000 | 00373cam a22001217a 4500 | ||
|---|---|---|---|
| 008 | 180718b1992 xxu||||| |||| 00| 0 eng d | ||
| 082 | _aAPPPA 91-92 ZAS | ||
| 100 | _aZasanga | ||
| 245 |
_aStudy of growth of postal network in Mizoram _cby Zasanga |
||
| 260 |
_aNew Delhi _bIndian Institute of Public Administration _c1992 |
||
| 300 | _a92p. | ||
| 650 | _aPostal network-Mizoram | ||
| 999 |
_c501587 _d501587 |
||